Missing Word: Fight Club Actors Quiz Stats

 Plays Quiz Updated Nov 9, 2018

     
Support Sporcle.
Go Orange.
Score 0/16 Timer 03:00
0 Plays Today
Actor/Actress Missing Word % Correct
Brad PittSlave
97.3%
Meat LoafRocky
95.7%
Meat LoafWorld
95.4%
Brad PittInterview
94.8%
Edward NortonBudapest
90.1%
Edward NortonItalian
87.1%
Helena Bonham CarterSpeech
86.8%
Edward NortonHistory
85%
Actor/Actress Missing Word % Correct
Brad PittTibet
83.9%
Helena Bonham CarterBride
82.3%
Brad PittBig
80.7%
Helena Bonham CarterEnd
79.9%
Edward NortonPrimal
47.8%
Helena Bonham CarterTerminator
36.2%
Meat LoafSalton
8.9%
Meat LoafFormula
5.6%

Today's Daily Dose

Missing Word
Brands of Alcohol

Word Ladder
A Little Room?

Get the Picture
SpongeBob Rivalry

From the Vault

Sunday Crossword: Follow Suit

by Purple_Parrot

We think this crossword will suit you quite well.
Remove Ads.
Support Sporcle.
Get the best of Sporcle when you Go Orange. This ad-free experience offers more features, more stats, and more fun while also helping to support Sporcle. Thank you for becoming a member.

Show Comments

Extras

Top Quizzes Today


Score Distribution

Your Account Isn't Verified!

In order to create a playlist on Sporcle, you need to verify the email address you used during registration. Go to your Sporcle Settings to finish the process.

Report this User

Report this user for behavior that violates our Community Guidelines.

Details: